| 000 | 00627cam a2200205 a 4500 | ||
|---|---|---|---|
| 001 | 16973657 | ||
| 005 | 20241023141328.0 | ||
| 008 | 110923s2009 gh b 001 0 eng | ||
| 020 |
_a9964104774 _qPaperback |
||
| 050 | 0 | 0 |
_aKRX2190 / KRX2516 _b.C733 2009 |
| 100 | 1 |
_aCrabbe, V. C. R. A. C., _d1923- |
|
| 245 | 1 | 2 |
_aA manual on legislative drafting / _cCrabbe, Vincent C.R.A.C |
| 250 | _a1st ed. | ||
| 260 |
_aAccra : _bGhana Pub. Co., _c2009. |
||
| 300 |
_a181 p. ; _c25 cm. |
||
| 650 | 0 |
_aBill drafting _zGhana. |
|
| 650 | 0 |
_aLegislation _zGhana. |
|
| 650 | 0 |
_aParliamentary practice _zGhana. |
|
| 942 |
_2lcc _cREF _eFirst Ed. _n0 |
||
| 999 |
_c143 _d143 |
||